00000000cam 2200000zi 4500
0019.962619
003CaOODSP
00520260507090246
006m     o  d f      
007cr bn|||||||||
008260507e20260506onc     ol   f000 0 eng d
040 |aCaOODSP|beng|erda|cCaOODSP
0410 |aeng|afre
043 |an-cn---
0861 |aXB451-277/1-PDF
1101 |aCanada. |bParliament. |bHouse of Commons, |eissuing body.
24513|aAn Act to provide for the regulation of the online use of deepfakes and for related transparency measures = |bLoi prévoyant la réglementation de l’utilisation des hypertrucages en ligne et des mesures connexes relatives à la transparence.
24611|aLoi prévoyant la réglementation de l’utilisation des hypertrucages en ligne et des mesures connexes relatives à la transparence
2461 |iShort title: |aRegulating the Online Use of Deepfakes Act
264 1|a[Ottawa] : |bHouse of Commons of Canada = Chambre des communes du Canada, |cMay 6, 2026.
300 |a1 online resource (ii, 5 pages).
336 |atext|btxt|2rdacontent
337 |acomputer|bc|2rdamedia
338 |aonline resource|bcr|2rdacarrier
4901 |aBill C-... ; |vBill C-277, 1st Session, 45th Parliament
500 |a"First Session, Forty-fifth Parliament, 3-4 Charles III, 2025-2026."
500 |a"First reading, May 6, 2026."
500 |a"Mr. Coteau."
520 |a"This enactment enacts the Regulating the Online Use of Deep fakes Act to regulate the online use and dissemination of deep fakes, to increase transparency and to protect individuals and their interests from significant harm. It also establishes an administrative monetary penalties scheme to promote compliancewith the Act"--Summary, page ii.
546 |aText in English and French.
650 0|aDeepfakes|xLaw and legislation|zCanada.
650 0|aInternet fraud|xLaw and legislation|zCanada.
655 7|aLegislative bills|2lcgft
788 |tAn Act to provide for the regulation of the online use of deepfakes and for related transparency measures = |efre|w(CaOODSP)9.962620
830#0|aBill C-...|vBill C-277, 1st Session, 45th Parliament.|w(CaOODSP)9.500659
85640|qPDF|s124 KB|uhttps://publications.gc.ca/collections/collection_2026/parl/XB451-277-1.pdf
8564 |qHTML|sN/A|uhttps://www.parl.ca/documentviewer/en/45-1/bill/C-277/first-reading